000 01160cam a2200361 i 4500
999 _c523624
_d523624
001 17823665
003 NUST
005 20190516074919.0
008 130723s2013 nyu b 001 0 eng
010 _a 2013022404
020 _a9781616148270 (pbk.)
020 _z9781616148287 (ebook)
038 _awaseem
040 _aDLC
_beng
_cDLC
_erda
_dDLC
042 _apcc
050 0 0 _aBL2775.3
_b.K87 2013
082 0 0 _a210
_bKUR
100 1 _aKurtz, Paul,
_d1925-2012.
_914366
245 1 4 _aThe transcendental temptation /
_cPaul Kurtz.
264 1 _aAmherst, NY :
_bPrometheus Books,
_c1991.
300 _a604 pages ;
_c23 cm
336 _atext
_2rdacontent
337 _aunmediated
_2rdamedia
338 _avolume
_2rdacarrier
504 _aIncludes bibliographical references (pages 569-585) and index.
650 0 _aSkepticism.
_914367
650 0 _aReligion
_vControversial literature.
_914368
650 0 _aParapsychology.
_91784
650 0 _aOccultism.
_910113
906 _a7
_bcbc
_corignew
_d1
_eecip
_f20
_gy-gencatlg
942 _2ddc
_cBK